Nashʼat al-fikr al-falsafī fī al-Islām /
محفوظ في:
المؤلف الرئيسي:
التنسيق: كتاب
اللغة: Arabic
منشور في:
al-Qāhirah :
Dar al-ma'arif,
1995-1996.
الطبعة: al-Ṭabʻah 9.
الموضوعات:
الوسوم: إضافة وسم
لا توجد وسوم, كن أول من يضع وسما على هذه التسجيلة!
رقم الطلب: B741 .N374 v.1-3
| LEADER | 00626nam a2200205Ia 4500 | ||
|---|---|---|---|
| 003 | OSt | ||
| 005 | 20241111103559.0 | ||
| 008 | 231106m19951996ua b 000 0 ara d | ||
| 999 | |c 54969 |d 54969 | ||
| 020 | |a 9770251356 (v. 1) | ||
| 040 | |c ARCE Library | ||
| 050 | 4 | |a B741 .N374 v.1-3 | |
| 100 | 1 | |a Nashshār, ʻAlī Sāmī, |d 1917-1980. | |
| 245 | 1 | 0 | |a Nashʼat al-fikr al-falsafī fī al-Islām / |c taʼlīf ʻAlī Sāmī al-Nashshār. |
| 250 | |a al-Ṭabʻah 9. | ||
| 264 | 1 | |a al-Qāhirah : |b Dar al-ma'arif, |c 1995-1996. | |
| 300 | |a 3 v. ; |c 24 cm. | ||
| 650 | 0 | |a Islamic philosophy -- History. | |
| 901 | |a reviewed | ||
| 942 | |2 lcc |c BK | ||
